[Event "Rocha op"]
[Site "Rocha"]
[Date "2022.10.01"]
[Round "2"]
[White "Benitez, Andres"]
[Black "Suarez, Juan"]
[Result "1-0"]
[WhiteElo "1963"]
[BlackElo "1633"]
[PlyCount "41"]
[EventDate "2022.10.01"]
[EventType "swiss"]
[EventRounds "5"]
[EventCountry "URU"]
[SourceTitle "EXT 2023"]
[Source "ChessBase"]
[SourceDate "2022.10.05"]
[SourceVersion "1"]
[SourceVersionDate "2022.10.05"]
[SourceQuality "1"]

1. e4 e6 2. d4 d5 3. Nd2 Nf6 4. e5 Nfd7 5. f4 c5 6. c3 Be7 7. Ndf3 Qb6 8. Bd3 Nc6 9. Ne2 cxd4 10. cxd4 Bb4+ 11. Kf1 f6 12. g3 fxe5 13. fxe5 0-0 14. Kg2 Be7 15. Nf4 Nb4 16. Bb1 g5 17. Nxg5 Bxg5 18. Bxh7+ Kf7 19. Qh5+ Ke7 20. Qxg5+ Nf6 21. Qg7+ 1-0

[Event "Titled Tuesday intern op 12th May"]
[Site "Chess.com INT"]
[Date "2020.05.12"]
[Round "8"]
[White "Stead, Kerry"]
[Black "Suarez, Juan"]
[Result "0-1"]
[WhiteElo "1978"]
[BlackElo "1667"]
[PlyCount "66"]
[EventDate "2020.05.12"]
[EventType "swiss (blitz)"]
[EventRounds "10"]
[EventCountry "USA"]
[SourceTitle "EXT 2021"]
[Source "ChessBase"]
[SourceDate "2020.10.23"]
[SourceVersion "1"]
[SourceVersionDate "2020.10.23"]
[SourceQuality "1"]

1. d4 Nf6 2. f3 d5 3. e4 dxe4 4. Nc3 e3 5. Bxe3 Bf5 6. Bc4 e6 7. Qd2 Bb4 8. Nge2 0-0 9. a3 Ba5 10. b4 Bb6 11. g4 Bg6 12. Ng3 a5 13. b5 c6 14. a4 cxb5 15. axb5 Nd5 16. Bxd5 exd5 17. h4 Re8 18. h5 Bxc2 19. Qxc2 Rxe3+ 20. Kd2 Bxd4 21. Ra3 Qd6 22. Nf5 Qxa3 23. Nxe3 Bxe3+ 24. Kxe3 d4+ 25. Kxd4 Nd7 26. Nd5 Qd6 27. Re1 Nf6 28. Re5 Rd8 29. Qc5 Qxc5+ 30. Kxc5 Nd7+ 31. Kd6 Nxe5+ 32. Kxe5 a4 33. Nc3 a3 0-1

[Event "Titled Tuesday intern op 12th May"]
[Site "Chess.com INT"]
[Date "2020.05.12"]
[Round "7"]
[White "Suarez, Juan"]
[Black "Kalinina, Larisa"]
[Result "1-0"]
[WhiteElo "1667"]
[BlackElo "2131"]
[PlyCount "61"]
[EventDate "2020.05.12"]
[EventType "swiss (blitz)"]
[EventRounds "10"]
[EventCountry "USA"]
[SourceTitle "EXT 2021"]
[Source "ChessBase"]
[SourceDate "2020.10.23"]
[SourceVersion "1"]
[SourceVersionDate "2020.10.23"]
[SourceQuality "1"]

1. d4 d5 2. c4 e6 3. Nc3 Nf6 4. cxd5 exd5 5. Bg5 Be7 6. e3 0-0 7. Bd3 h6 8. Bh4 c6 9. Qc2 Nbd7 10. Nge2 Re8 11. 0-0 Nf8 12. Rab1 Bg4 13. f3 Bh5 14. Bf2 Bg6 15. b4 Bxd3 16. Qxd3 Ne6 17. h3 b6 18. e4 dxe4 19. fxe4 Qd7 20. Rfd1 Rad8 21. Ng3 g6 22. Qe3 Kg7 23. Kh2 Qc7 24. b5 c5 25. d5 Nd4 26. Nce2 Nxe2 27. Qxe2 Bd6 28. Qf3 Nxe4 29. Re1 Nxf2 30. Qxf2 h5 31. h4 1-0

[Event "Titled Tuesday intern op 5th May"]
[Site "Chess.com INT"]
[Date "2020.05.05"]
[Round "9"]
[White "Maksutov, Sergey"]
[Black "Suarez, Juan"]
[Result "0-1"]
[WhiteElo "2122"]
[BlackElo "1667"]
[PlyCount "66"]
[EventDate "2020.05.05"]
[EventType "swiss (blitz)"]
[EventRounds "10"]
[EventCountry "USA"]
[SourceTitle "EXT 2021"]
[Source "ChessBase"]
[SourceDate "2020.10.23"]
[SourceVersion "1"]
[SourceVersionDate "2020.10.23"]
[SourceQuality "1"]

1. e4 c5 2. Nf3 e6 3. d4 cxd4 4. Nxd4 a6 5. Be2 Nf6 6. Nc3 d6 7. 0-0 Qc7 8. Be3 Be7 9. f4 Nbd7 10. Qe1 b5 11. Bf3 Bb7 12. a3 h5 13. Rd1 Rc8 14. Kh1 h4 15. Bf2 h3 16. g4 g6 17. Bg3 e5 18. Nb3 exf4 19. Bxf4 Ne5 20. Bxe5 dxe5 21. Qg3 Bc6 22. Rf2 a5 23. Nd5 Bxd5 24. exd5 a4 25. Na5 Bd6 26. Nc6 e4 27. Qg1 exf3 28. Rxf3 Nxd5 29. Re1+ Kf8 30. Qd4 Kg8 31. Qxd5 Rh7 32. Nd4 Qc5 33. Qxc5 Rxc5 0-1

[Event "Titled Tuesday intern op 5th May"]
[Site "Chess.com INT"]
[Date "2020.05.05"]
[Round "10"]
[White "Suarez, Juan"]
[Black "Liyanage, Ranindu Dilshan"]
[Result "1-0"]
[WhiteElo "1667"]
[BlackElo "2181"]
[PlyCount "51"]
[EventDate "2020.05.05"]
[EventType "swiss (blitz)"]
[EventRounds "10"]
[EventCountry "USA"]
[SourceTitle "EXT 2021"]
[Source "ChessBase"]
[SourceDate "2020.10.23"]
[SourceVersion "1"]
[SourceVersionDate "2020.10.23"]
[SourceQuality "1"]

1. d4 Nf6 2. c4 e6 3. Nc3 d5 4. cxd5 exd5 5. Bg5 Be7 6. e3 c6 7. Qc2 Nbd7 8. Bd3 Nh5 9. Bxe7 Qxe7 10. 0-0-0 g6 11. Kb1 Nb6 12. h3 Be6 13. Nf3 Ng7 14. g4 0-0-0 15. Na4 Qc7 16. Nc5 Rhe8 17. Rc1 Kb8 18. Qb3 h5 19. Ne5 f6 20. Nxc6+ Ka8 21. Nxd8 Qxd8 22. Bxg6 Rg8 23. Nxe6 Nxe6 24. Bf7 Nc4 25. Rxc4 dxc4 26. Qxc4 1-0

[Event "Titled Tuesday intern op 5th May"]
[Site "Chess.com INT"]
[Date "2020.05.05"]
[Round "4"]
[White "Suarez, Juan"]
[Black "Martinez Reyes, Pedro Ramon"]
[Result "0-1"]
[WhiteElo "1667"]
[BlackElo "2416"]
[PlyCount "78"]
[EventDate "2020.05.05"]
[EventType "swiss (blitz)"]
[EventRounds "10"]
[EventCountry "USA"]
[SourceTitle "EXT 2021"]
[Source "ChessBase"]
[SourceDate "2020.10.23"]
[SourceVersion "1"]
[SourceVersionDate "2020.10.23"]
[SourceQuality "1"]

1. d4 d5 2. c4 dxc4 3. Nf3 Nf6 4. e3 e6 5. Bxc4 c5 6. 0-0 Nc6 7. Qe2 cxd4 8. exd4 Be7 9. Rd1 0-0 10. Nc3 Na5 11. Bd3 b6 12. Bg5 Bb7 13. Bc2 Nd5 14. Qd3 f5 15. Bxe7 Qxe7 16. Nxd5 Bxd5 17. Re1 Qb7 18. Ng5 Rf6 19. f3 Rg6 20. Nh3 Bxf3 21. Nf4 Be4 22. Qe2 Rg4 23. Bxe4 Qxe4 24. Qxe4 fxe4 25. Nxe6 Rc8 26. h3 Rg6 27. d5 Rc2 28. Nf4 Rd6 29. Rac1 Rxc1 30. Rxc1 g5 31. Rc8+ Kf7 32. Rc7+ Kf6 33. Nh5+ Ke5 34. Rxh7 Kd4 35. Rxa7 Kd3 36. Ng3 e3 37. Re7 Nc4 38. Kh2 Rxd5 39. b3 Nd2 0-1

[Event "Montevideo Trebejos op U1700"]
[Site "Montevideo"]
[Date "2020.01.31"]
[Round "4"]
[White "Suarez, Juan"]
[Black "Pelaez, Diego"]
[Result "0-1"]
[WhiteElo "1691"]
[BlackElo "1607"]
[PlyCount "58"]
[EventDate "2020.01.20"]
[EventType "swiss"]
[EventRounds "6"]
[EventCountry "URU"]
[SourceTitle "CBM 195 Extra"]
[Source "ChessBase"]
[SourceDate "2020.05.31"]
[SourceVersion "1"]
[SourceVersionDate "2020.05.31"]
[SourceQuality "1"]

1. e4 g6 2. d4 Bg7 3. Nc3 a6 4. Bc4 e6 5. Be3 b5 6. Bb3 Bb7 7. a3 d6 8. Nge2 Nd7 9. 0-0 Ne7 10. f4 c5 11. Ng3 c4 12. Ba2 0-0 13. f5 d5 14. fxg6 hxg6 15. e5 Qb6 16. Qd2 Rad8 17. Kh1 Nxe5 18. Bf4 N5c6 19. Nce2 e5 20. dxe5 Nxe5 21. Bh6 Ng4 22. Bxg7 Kxg7 23. Nd4 Rh8 24. h3 Nf6 25. Qg5 Qxd4 26. c3 Qh4 27. Nf5+ Nxf5 28. Rxf5 Qxg5 29. Rxg5 Ne4 0-1

[Event "Titled Tuesday intern op 3rd Sept"]
[Site "Chess.com INT"]
[Date "2019.09.03"]
[Round "2"]
[White "Suarez, Juan"]
[Black "Wagner, Dennis"]
[Result "0-1"]
[WhiteElo "2169"]
[BlackElo "2565"]
[PlyCount "70"]
[EventDate "2019.09.03"]
[EventType "swiss (blitz)"]
[EventRounds "10"]
[EventCountry "USA"]
[SourceTitle "EXT 2021"]
[Source "ChessBase"]
[SourceDate "2020.10.23"]
[SourceVersion "1"]
[SourceVersionDate "2020.10.23"]
[SourceQuality "1"]

1. d4 Nf6 2. c4 g6 3. Nf3 Bg7 4. g3 0-0 5. Bg2 d6 6. 0-0 Nc6 7. Nc3 e5 8. d5 Nb8 9. e4 Nbd7 10. Be3 a5 11. h3 Nc5 12. Qc2 Nfd7 13. b3 h6 14. a3 f5 15. Nh4 f4 16. Bxc5 Nxc5 17. Nxg6 f3 18. Nxf8 fxg2 19. Kxg2 Qxf8 20. b4 Nd7 21. Nb5 Qd8 22. c5 dxc5 23. bxc5 Nf6 24. c6 bxc6 25. dxc6 Qe7 26. Rfd1 Kh7 27. f4 Nh5 28. Qe2 Nxg3 29. Kxg3 exf4+ 30. Kg2 Bxa1 31. Rxa1 Qg7+ 32. Kh2 Qxa1 33. e5 Bf5 34. Qh5 Qb2+ 35. Kg1 Rg8+ 0-1

[Event "Titled Tuesday intern op 4th June"]
[Site "Chess.com INT"]
[Date "2019.06.04"]
[Round "5"]
[White "Kotepalli, Sai Nirupama"]
[Black "Suarez, Juan"]
[Result "1-0"]
[WhiteElo "1914"]
[BlackElo "2325"]
[PlyCount "69"]
[EventDate "2019.06.04"]
[EventType "swiss (blitz)"]
[EventRounds "10"]
[EventCountry "USA"]
[SourceTitle "EXT 2021"]
[Source "ChessBase"]
[SourceDate "2020.10.23"]
[SourceVersion "1"]
[SourceVersionDate "2020.10.23"]
[SourceQuality "1"]

1. d4 Nf6 2. Bf4 g6 3. e3 Bg7 4. Nf3 c5 5. c3 b6 6. Be2 d6 7. h3 Nbd7 8. 0-0 Bb7 9. Nbd2 0-0 10. a4 a6 11. Qb3 Qc7 12. Rfe1 e5 13. dxe5 Nxe5 14. Nxe5 dxe5 15. Bg3 Ne4 16. Nxe4 Bxe4 17. Rad1 Rfd8 18. Rxd8+ Qxd8 19. Rd1 Qc7 20. Bc4 h5 21. Rd2 Bf6 22. Qd1 Bc6 23. Rd6 Kg7 24. Rd2 b5 25. Bb3 Qb7 26. f3 e4 27. Rd6 exf3 28. Rxf6 Kxf6 29. Qd6+ Kg7 30. Be5+ Kh7 31. Qf6 Rg8 32. Bxf7 f2+ 33. Kxf2 Bxg2 34. Bxg6+ Kh6 35. Be4+ 1-0

[Event "Titled Tuesday intern op 4th June"]
[Site "Chess.com INT"]
[Date "2019.06.04"]
[Round "7"]
[White "Suarez, Juan"]
[Black "Tisaj, Domen"]
[Result "0-1"]
[WhiteElo "2315"]
[BlackElo "2232"]
[PlyCount "76"]
[EventDate "2019.06.04"]
[EventType "swiss (blitz)"]
[EventRounds "10"]
[EventCountry "USA"]
[SourceTitle "EXT 2021"]
[Source "ChessBase"]
[SourceDate "2020.10.23"]
[SourceVersion "1"]
[SourceVersionDate "2020.10.23"]
[SourceQuality "1"]

1. d4 f5 2. g3 Nf6 3. Bg2 e6 4. Nf3 d5 5. c4 c6 6. 0-0 Bd6 7. Nc3 0-0 8. Qc2 Qe7 9. Rb1 Ne4 10. Bf4 a6 11. c5 Bxf4 12. gxf4 Bd7 13. Ne5 Be8 14. f3 Nf6 15. e4 Nh5 16. Ne2 Qh4 17. Qd2 Nd7 18. b4 Rd8 19. Qe1 Qe7 20. a4 Ndf6 21. Qh4 dxe4 22. fxe4 Qc7 23. d5 cxd5 24. Nd4 Qc8 25. exf5 exf5 26. Bh3 g6 27. Qg5 Ng7 28. Kf2 Ne4+ 29. Ke3 Nxg5 30. fxg5 Ne6 31. Nxe6 Qxe6 32. Kd4 Qe7 33. Rg1 Bxa4 34. Rbe1 Qg7 35. Bg2 Rfe8 36. h4 Re7 37. Re3 f4 38. Re2 Bb5 0-1

[Event "Titled Tuesday intern op 2nd April"]
[Site "Chess.com INT"]
[Date "2019.04.02"]
[Round "4"]
[White "Suarez, Juan"]
[Black "Daianu, Cristian Clement"]
[Result "1/2-1/2"]
[WhiteElo "2219"]
[BlackElo "2199"]
[PlyCount "81"]
[EventDate "2019.04.02"]
[EventType "swiss (blitz)"]
[EventRounds "10"]
[EventCountry "USA"]
[SourceTitle "EXT 2021"]
[Source "ChessBase"]
[SourceDate "2020.10.23"]
[SourceVersion "1"]
[SourceVersionDate "2020.10.23"]
[SourceQuality "1"]

1. c4 e5 2. g3 Nc6 3. Bg2 d6 4. Nc3 f5 5. e3 Nf6 6. d4 e4 7. b4 Be7 8. b5 Nb8 9. Bb2 0-0 10. Nge2 c6 11. 0-0 Nbd7 12. Nf4 Nb6 13. Qb3 Kh8 14. a4 d5 15. cxd5 Nbxd5 16. Ncxd5 Nxd5 17. Nxd5 cxd5 18. Ba3 Bxa3 19. Qxa3 Be6 20. Rac1 Qd7 21. Rc3 Rac8 22. Rfc1 h6 23. h4 Rxc3 24. Qxc3 Rc8 25. Qxc8+ Qxc8 26. Rxc8+ Bxc8 27. f3 g5 28. hxg5 hxg5 29. fxe4 fxe4 30. Kf2 Kg7 31. Ke2 b6 32. Kd2 Kf6 33. Bf1 Bd7 34. Be2 Ke7 35. Kc3 Kd6 36. Kb4 Be6 37. a5 g4 38. a6 Bd7 39. Kc3 Be6 40. Kd2 Bd7 41. Ke1 1/2-1/2

[Event "Titled Tuesday intern op 6th Nov"]
[Site "Chess.com INT"]
[Date "2018.11.06"]
[Round "2"]
[White "Migot, Tangi"]
[Black "Suarez, Juan"]
[Result "1/2-1/2"]
[WhiteElo "2380"]
[BlackElo "2247"]
[PlyCount "121"]
[EventDate "2018.11.06"]
[EventType "swiss (blitz)"]
[EventRounds "10"]
[EventCountry "USA"]
[SourceTitle "EXT 2021"]
[Source "ChessBase"]
[SourceDate "2020.10.23"]
[SourceVersion "1"]
[SourceVersionDate "2020.10.23"]
[SourceQuality "1"]

1. Nf3 Nf6 2. g3 g6 3. Bg2 Bg7 4. 0-0 0-0 5. d4 d6 6. a4 Nc6 7. a5 a6 8. d5 Nb8 9. c4 e6 10. Nc3 exd5 11. cxd5 Bf5 12. Nd4 Bg4 13. h3 Bd7 14. e4 Re8 15. Be3 c5 16. Nde2 Bb5 17. Re1 Bxe2 18. Rxe2 Nbd7 19. f4 c4 20. Bf2 Qc7 21. g4 Nc5 22. e5 Nfd7 23. e6 Nf6 24. g5 Nh5 25. f5 gxf5 26. exf7+ Qxf7 27. Rxe8+ Rxe8 28. Bxc5 dxc5 29. d6 Nf4 30. Qf3 Bd4+ 31. Kh1 Nxg2 32. Kxg2 Re3 33. Qf4 Re6 34. Rf1 Be5 35. Qxf5 Qxf5 36. Rxf5 Bxc3 37. bxc3 Rxd6 38. Rxc5 Rd2+ 39. Kg3 Rd3+ 40. Kg4 Rxc3 41. h4 Ra3 42. Rxc4 Rxa5 43. Rc8+ Kg7 44. Rc7+ Kg8 45. Rxb7 Ra4+ 46. Kf5 Rxh4 47. Kf6 Rf4+ 48. Ke5 Rf7 49. Rb6 Ra7 50. Kf6 Ra8 51. g6 hxg6 52. Kxg6 a5 53. Rb3 a4 54. Ra3 Kf8 55. Kf6 Ke8 56. Ke6 Ra6+ 57. Kd5 Kd7 58. Kc5 Kc7 59. Kb5 Kb7 60. Rxa4 Rxa4 61. Kxa4 1/2-1/2

[Event "Titled Tuesday intern op 4th Sept"]
[Site "Chess.com INT"]
[Date "2018.09.04"]
[Round "6"]
[White "Suarez, Juan"]
[Black "Terletsky, Oleg"]
[Result "1-0"]
[WhiteElo "2209"]
[BlackElo "2222"]
[PlyCount "51"]
[EventDate "2018.09.04"]
[EventType "swiss (blitz)"]
[EventRounds "10"]
[EventCountry "USA"]
[SourceTitle "EXT 2021"]
[Source "ChessBase"]
[SourceDate "2020.10.23"]
[SourceVersion "1"]
[SourceVersionDate "2020.10.23"]
[SourceQuality "1"]

1. d4 Nf6 2. c4 g6 3. Nf3 Bg7 4. g3 0-0 5. Bg2 d6 6. 0-0 Nbd7 7. Nc3 e5 8. e4 exd4 9. Nxd4 Re8 10. Be3 Nb6 11. b3 Ng4 12. Bf4 c6 13. h3 Ne5 14. Be3 Qf6 15. Qd2 Nexc4 16. bxc4 Nxc4 17. Qe2 Nxe3 18. fxe3 Qg5 19. Qf3 Re6 20. Qxf7+ Kh8 21. Nxe6 Bxe6 22. Qxe6 Qxe3+ 23. Kh2 Bxc3 24. Rad1 Be5 25. Rf3 Qh6 26. Rdf1 1-0

[Event "Titled Tuesday intern op 4th Sept"]
[Site "Chess.com INT"]
[Date "2018.09.04"]
[Round "10"]
[White "Tejedor Fuente, Enrique"]
[Black "Suarez, Juan"]
[Result "1-0"]
[WhiteElo "2430"]
[BlackElo "2189"]
[PlyCount "65"]
[EventDate "2018.09.04"]
[EventType "swiss (blitz)"]
[EventRounds "10"]
[EventCountry "USA"]
[SourceTitle "EXT 2021"]
[Source "ChessBase"]
[SourceDate "2020.10.23"]
[SourceVersion "1"]
[SourceVersionDate "2020.10.23"]
[SourceQuality "1"]

1. e3 g6 2. Nf3 Bg7 3. d4 Nf6 4. Nbd2 b6 5. e4 c5 6. e5 Ng8 7. d5 d6 8. exd6 Qxd6 9. Ne4 Qd8 10. Bf4 Bb7 11. Bb5+ Kf8 12. c4 a6 13. Ba4 b5 14. Bb3 Bxb2 15. Rb1 Bg7 16. 0-0 Nd7 17. Re1 Nh6 18. Qd2 Nf5 19. Bc2 b4 20. Ba4 Rc8 21. a3 Nb6 22. axb4 Nxa4 23. bxc5 Ba8 24. Qb4 Qd7 25. c6 Bxc6 26. dxc6 Qxc6 27. Ne5 Bxe5 28. Bxe5 f6 29. Nxf6 Qxc4 30. Nd7+ Kg8 31. Bxh8 Qxb4 32. Rxb4 Kxh8 33. Rxa4 1-0

[Event "Titled Tuesday intern op 4th Sept"]
[Site "Chess.com INT"]
[Date "2018.09.04"]
[Round "9"]
[White "Wagh, Suyog"]
[Black "Suarez, Juan"]
[Result "1-0"]
[WhiteElo "2312"]
[BlackElo "2193"]
[PlyCount "51"]
[EventDate "2018.09.04"]
[EventType "swiss (blitz)"]
[EventRounds "10"]
[EventCountry "USA"]
[SourceTitle "EXT 2021"]
[Source "ChessBase"]
[SourceDate "2020.10.23"]
[SourceVersion "1"]
[SourceVersionDate "2020.10.23"]
[SourceQuality "1"]

1. d4 Nf6 2. Bf4 g6 3. e3 Bg7 4. h4 h5 5. Be2 c5 6. c3 b6 7. Bf3 d5 8. Nd2 0-0 9. Nh3 Bb7 10. g4 hxg4 11. Bxg4 Nxg4 12. Qxg4 Qd7 13. Qg2 e5 14. dxe5 d4 15. e4 dxc3 16. bxc3 Qd3 17. h5 Qxc3 18. Rd1 Nd7 19. hxg6 Nxe5 20. Bxe5 Qxe5 21. Ng5 fxg6 22. Ndf3 Qc3+ 23. Kf1 Bxe4 24. Qh3 Rxf3 25. Qe6+ Kf8 26. Nh7# 1-0

[Event "Titled Tuesday intern op 7th Aug"]
[Site "Chess.com INT"]
[Date "2018.08.07"]
[Round "1"]
[White "Mirimanian, Hayk"]
[Black "Suarez, Juan"]
[Result "1-0"]
[WhiteElo "2253"]
[BlackElo "2192"]
[PlyCount "77"]
[EventDate "2018.08.07"]
[EventType "swiss (blitz)"]
[EventRounds "10"]
[EventCountry "USA"]
[SourceTitle "EXT 2021"]
[Source "ChessBase"]
[SourceDate "2020.10.23"]
[SourceVersion "1"]
[SourceVersionDate "2020.10.23"]
[SourceQuality "1"]

1. e4 c5 2. Nf3 g6 3. d4 cxd4 4. Nxd4 Nc6 5. c4 Nf6 6. Nc3 d6 7. Be2 Bg7 8. 0-0 0-0 9. Be3 Bd7 10. Rc1 Nxd4 11. Bxd4 Bc6 12. Qd3 a5 13. b3 Nd7 14. Bxg7 Kxg7 15. f4 Qb6+ 16. Kh1 Nc5 17. Qe3 Na4 18. Qd2 Nxc3 19. Qxc3+ Kg8 20. Bd3 Qc5 21. Rce1 b5 22. e5 d5 23. f5 dxc4 24. bxc4 b4 25. Qc1 Qd4 26. Qh6 Qg4 27. Be4 Bxe4 28. Rxe4 Qh5 29. Qxh5 gxh5 30. c5 Rac8 31. Rc1 Rfd8 32. c6 Rd2 33. Kg1 Kg7 34. c7 Rd7 35. Rec4 a4 36. e6 fxe6 37. fxe6 Rd6 38. Rxb4 Rxe6 39. Rb8 1-0

[Event "Titled Tuesday intern op 1st May"]
[Site "Chess.com INT"]
[Date "2018.05.01"]
[Round "10"]
[White "Suarez, Juan"]
[Black "Erdogan, Anil Berk"]
[Result "0-1"]
[WhiteElo "2158"]
[BlackElo "2095"]
[PlyCount "32"]
[EventDate "2018.05.01"]
[EventType "swiss (blitz)"]
[EventRounds "10"]
[EventCountry "USA"]
[SourceTitle "EXT 2021"]
[Source "ChessBase"]
[SourceDate "2020.10.23"]
[SourceVersion "1"]
[SourceVersionDate "2020.10.23"]
[SourceQuality "1"]

1. d4 Nf6 2. c4 c5 3. d5 e6 4. Nc3 exd5 5. cxd5 d6 6. e4 g6 7. Bd3 Bg7 8. h3 0-0 9. Nf3 b5 10. 0-0 a6 11. Nd2 Nbd7 12. f4 Nh5 13. g4 Qh4 14. gxh5 Qg3+ 15. Kh1 Qxh3+ 16. Kg1 Bd4+ 0-1